99 Bishopsgate (Record no. 744)

MARC details
000 -LEADER
fixed length control field 00786cab a2200205 4500
001 - CONTROL NUMBER
control field ABS36984
008 - FIXED-LENGTH DATA ELEMENTS--GENERAL INFORMATION
fixed length control field 090401t1986 xxu||||| |||| 00| 0 eng d
035 ## - SYSTEM CONTROL NUMBER
System control number (Sirsi) u1353
041 0# - LANGUAGE CODE
Language code of text/sound track or separate title eng
100 1# - MAIN ENTRY--PERSONAL NAME
Personal name Franks, J. A.
245 00 - TITLE STATEMENT
Title 99 Bishopsgate
Remainder of title a guided tour
260 ## - PUBLICATION, DISTRIBUTION, ETC.
Date of publication, distribution, etc. 1986
490 #0 - SERIES STATEMENT
Series statement Estates Gazette
Volume/sequential designation 280(6305) 11 October 1986, 160-164 (2)
520 ## - SUMMARY, ETC.
Summary, etc. Looks back at the CA case "99 Bishopsgate Ltd v Prudential Assurance Co Ltd" (Chd, Abs45747) and questions whether the judge's decision was correct.
650 24 - SUBJECT ADDED ENTRY--TOPICAL TERM
Topical term or geographic name entry element 99 BISHOPSGATE LTD V PRUDENTIAL ASSURANCE CO LTD
651 #4 - SUBJECT ADDED ENTRY--GEOGRAPHIC NAME
Geographic name England and Wales
Chronological subdivision 1543-
690 ## - LOCAL SUBJECT ADDED ENTRY--TOPICAL TERM (OCLC, RLIN)
Topical term or geographic name as entry element PROPERTY-COMMERCIAL PROPERTY-COMMERCIAL LANDLORD AND TENANT-COMMERCIAL LEASES-RENT REVIEW (COMMERCIAL LEASES)
942 ## - ADDED ENTRY ELEMENTS (KOHA)
Suppress in OPAC 0
948 ## - LOCAL PROCESSING INFORMATION (OCLC); SERIES PART DESIGNATOR (RLIN)
c (OCLC) 04/03/1997
Holdings
Withdrawn status Lost status Source of classification or shelving scheme Damaged status Not for loan Home library Current library Shelving location Date acquired Total Checkouts Full call number Barcode Date last seen Copy number Price effective from Koha item type
    Dewey Decimal Classification     London London Journal article 14/09/1999   ABS36984 1353-1001 06/08/2019 1 06/08/2019 Journal article